000 005190000a22002410004500
500 _aBibliography: p.156-164
653 _aLiterature
650 _aComics
650 _aGender
650 _aSexuality
650 _aBody
650 _aPolitics
650 _aMarriage
082 _a809.917
_bSt76c
518 _a2010-9-9
100 _aStott, Andrew
245 _aCommedy
260 _aNew York
_bRoutledge
_dUS
260 _c[n.d.]
300 _avi, 168p.
041 _aEng
942 _cGeneral Collection
999 _c54777
_d54773